Quantum computation and quantum information (Record no. 397119)

MARC details
000 -LEADER
fixed length control field 00593 a2200217 4500
005 - DATE & TIME
control field 20260417122846.0
008 - FIXED-LENGTH DATA ELEMENTS--GENERAL INFORMATION
fixed length control field 260416b |||||||| |||| 00| 0 eng d
020 ## - ISBN
International Standard Book Number 9781107619197
Price Rs. 1050.00
040 ## - CATALOGING SOURCE
Original cataloging agency VIVEKANANDA LIBRARY
082 ## - DDC NUMBER
Classification number 511.8
Book Number N554Q(10)
100 ## - MAIN ENTRY--PERSONAL NAME
Personal name Nielsen, Michael A
245 ## - TITLE STATEMENT
Title Quantum computation and quantum information
250 ## - EDITION STATEMENT
Edition statement 10th
260 ## - PUBLICATION, DISTRIBUTION, ETC. (IMPRINT)
Name of publisher, distributor, etc Cambridge University Press
Date of publication, distribution, etc 2026
Place of publication, distribution, etc New Delhi
300 ## - PHYSICAL DESCRIPTION
Pages xxxi, 676
650 ## - Subject
Subject Quantum Computation
650 ## - Subject
Subject Data Processing
650 ## - Subject
Subject Theory of Computer
700 ## - Added Entry Personal Name
Added Entry Personal Name Chuang, Isaac L
942 ## - ADDED ENTRY ELEMENTS (KOHA)
Koha item type Books
Holdings
Withdrawn status Lost status Source of classification or shelving scheme Damaged status Not for loan Location (home branch) Sublocation or collection (holding branch) Shelving location Date acquired Koha issues (times borrowed) Koha full call number Accession No. Koha date last seen Koha item type
    Dewey Decimal Classification     VIVEKANANDA LIBRARY VIVEKANANDA LIBRARY UIET Library 12/03/2026   511.8 N554Q 431061 12/03/2026 Books
    Dewey Decimal Classification     VIVEKANANDA LIBRARY VIVEKANANDA LIBRARY UIET Library 12/03/2026   511.8 N554Q 431060 12/03/2026 Books
© Designed and Maintained by Vivekananda Library, MDU Rohtak